Kurzové rozdiely podľa právnej úpravy účtovníctva v Slovenskej republike bakalárska práca

Gespeichert in:
Bibliographische Detailangaben
1. Verfasser: Praženková, Romana
Körperschaft: Fakulta hospodárskej informatiky EU. Katedra účtovníctva a audítorstva
Weitere Verfasser: Tumpach, Miloš, 1970-
Format: Buch
Sprache:Slowakisch
Veröffentlicht: Bratislava 2018
Tags: Tag hinzufügen
Keine Tags, Fügen Sie das erste Tag hinzu!

MARC

LEADER 00000nbm a2200000 4500
001 0247378
005 20181106084141.4
041 0 |a slo 
044 |a SK 
245 1 0 |a Kurzové rozdiely podľa právnej úpravy účtovníctva v Slovenskej republike  |b bakalárska práca  |c Romana Praženková ; školiteľ: Miloš Tumpach 
264 1 |a Bratislava  |c 2018 
300 |a 43 s. 
100 1 |a Praženková, Romana 
700 1 |a Tumpach, Miloš, 1970- 
710 2 |a Fakulta hospodárskej informatiky EU. Katedra účtovníctva a audítorstva